Practical Mathematics Refresher (Record no. 543510)
[ view plain ]
| 000 -LEADER | |
|---|---|
| fixed length control field | 00391nam a22001457a 4500 |
| 082 ## - DEWEY DECIMAL CLASSIFICATION NUMBER | |
| Classification number | 510 |
| Author Mark | REE |
| -- | L-3,P-13 |
| 100 ## - MAIN ENTRY--PERSONAL NAME | |
| Personal name | REEVE WILLIAM D. |
| 9 (RLIN) | 38891 |
| 245 ## - TITLE STATEMENT | |
| Title | Practical Mathematics Refresher |
| 250 ## - EDITION STATEMENT | |
| Edition statement | 1st |
| 260 ## - PUBLICATION, DISTRIBUTION, ETC. | |
| Place of publication, distribution, etc. | USA |
| Name of publisher, distributor, etc. | Mc Graw-Hill Book Company |
| Date of publication, distribution, etc. | 1955 |
| 526 ## - STUDY PROGRAM INFORMATION NOTE | |
| Program name | 0 |
| Interest level | 0 |
| Reading level | 0 |
| Title point value | 510_000000000000000_REE |
| 650 ## - SUBJECT ADDED ENTRY--TOPICAL TERM | |
| Topical term or geographic name entry element | MCE |
| 9 (RLIN) | 379 |
| 700 ## - ADDED ENTRY--PERSONAL NAME | |
| Personal name | WILLIAM D. REEVE |
| 9 (RLIN) | 38892 |
| 942 ## - ADDED ENTRY ELEMENTS (KOHA) | |
| Source of classification or shelving scheme | |
| Koha item type | Book |
| Withdrawn status | Lost status | Source of classification or shelving scheme | Damaged status | Not for loan | Permanent Location | Current Location | Date acquired | Total Checkouts | Full call number | Barcode | Date last seen | Price effective from | Koha item type |
|---|---|---|---|---|---|---|---|---|---|---|---|---|---|
| Military College of Engineering (MCE) | Military College of Engineering (MCE) | 03/26/2014 | 510 REE | MCE-29261 | 03/26/2014 | 03/26/2014 | Book |
